Llei 5/2009, del 28 d'abril, dels recursos contra la qualificació negativa dels títols o les clàusules concretes en matèria de dret català que s'hagin d'inscriure en un registre de la propietat, mercantil o de béns mobles de Catalunya
MARC
| LEADER | 00000nam a2200000Ia 4500 | ||
|---|---|---|---|
| 001 | 21837 | ||
| 008 | 160829s2009 xx 000 0 cat d | ||
| 080 | |a FU-45-13 | ||
| 100 | |a Catalunya. Llei dels recursos contra la qualificació negativa dels títols o les clàusules concretes en matèria de dret català que s'hagin d'inscriure en un registre de la propietat, mercantil o de béns mobles de Catalunya (2009) |9 46348 | ||
| 245 | |a Llei 5/2009, del 28 d'abril, dels recursos contra la qualificació negativa dels títols o les clàusules concretes en matèria de dret català que s'hagin d'inscriure en un registre de la propietat, mercantil o de béns mobles de Catalunya | ||
| 250 | |a Ed. no venal | ||
| 260 | |a Barcelona : |b Parlament de Catalunya, |c 2009 | ||
| 300 | |a 28 p. ; |c 17 cm | ||
| 490 | |a Textos legislatius ; 89 | ||
| 590 | |a Títol a la coberta: Llei dels recursos contra la qualificació negativa dels títols o les clàusules concretes en matèria de dret català que s'hagin d'inscriure en un registre de la propietat, mercantil o de béns mobles de Catalunya. | ||
| 590 | |a A la portada: Aprovada pel Ple del Parlament (tramitació núm. 200-00036/08) en la sessió núm. 54, del 15 d'abril de 2009 (Diari de Sessions del Parlament de Catalunya, sèrie P, núm. 80/VIII); Publicada en el Butlletí Oficial del Parlament de Catalunya, núm. 453/VIII, del 27 d'abril de 2009; Promulgada el 28 d'abril de 2009 (Diari Oficial de la Generalitat de Catalunya, núm. 5374, del 7 de maig de 2009). | ||
| 650 | |a Títols de propietat (Dret català) |x Dret i legislació |9 46349 | ||
| 710 | 1 | |a Catalunya. |b Parlament |9 11492 | |
| 901 | |a Arxiu | ||
| 942 | |n 1 | ||
| 952 | |0 0 |1 0 |4 0 |6 FU4513 |7 1 |9 53160 |a Arxiu |b Arxiu |d 2016-12-01 |l 0 |o FU-45-13 |p 21837 |r 2016-12-01 00:00:00 |w 2016-12-01 |y ARXIU | ||
| 999 | |c 57009 |d 57009 | ||